[Event "GER-chT U16"]
[Site "Kiel"]
[Date "2022.07.23"]
[Round "1.4"]
[White "Alms, Frithjof"]
[Black "Schubert, Nikita"]
[Result "1/2-1/2"]
[WhiteElo "1603"]
[BlackElo "1949"]
[PlyCount "113"]
[EventDate "2022.07.22"]
[EventType "team-swiss"]
[EventRounds "7"]
[EventCountry "GER"]
[SourceTitle "CBM 209 Extra"]
[Source "ChessBase"]
[SourceDate "2022.09.30"]
[SourceVersion "1"]
[SourceVersionDate "2022.09.30"]
[SourceQuality "1"]
[WhiteTeam "Eilendorf Arminia"]
[BlackTeam "Gera"]
[WhiteTeamCountry "GER"]
[BlackTeamCountry "GER"]

1. e4 e5 2. Nf3 Nc6 3. Bc4 Bc5 4. d3 Nf6 5. Nc3 d6 6. Be3 Bb6 7. h3 Be6 8. Bxb6 axb6 9. Bb3 0-0 10. 0-0 Ne7 11. Qd2 Ng6 12. Ne2 h6 13. Rfe1 Nh5 14. d4 Qf6 15. dxe5 dxe5 16. Qc3 c6 17. Rad1 Rfd8 18. Nh2 Nhf4 19. Rxd8+ Rxd8 20. Nxf4 Nxf4 21. Bxe6 Qxe6 22. Nf3 f6 23. a3 Kh7 24. Nd2 Qf7 25. Kh2 Qg6 26. g3 Ne6 27. Qe3 Ng5 28. Nf3 Nxf3+ 29. Qxf3 Rd4 30. Kg2 Qe8 31. Rd1 Qd8 32. Rxd4 Qxd4 33. Qf5+ Kh8 34. Qc8+ Kh7 35. Qf5+ g6 36. Qxf6 Qxe4+ 37. Qf3 Qf5 38. Qb3 b5 39. Qb4 Qf6 40. Qe4 Kg7 41. Qd3 Qe7 42. Qe4 Qd6 43. h4 h5 44. Qe3 Qd5+ 45. f3 Kh7 46. Qd3 Kg7 47. Qe3 Qd6 48. Qg5 Qc5 49. Qd2 Kf7 50. Qd7+ Qe7 51. Qxe7+ Kxe7 52. Kf2 Ke6 53. g4 Kd5 54. Ke3 Kd6 55. gxh5 gxh5 56. f4 Ke6 57. Ke4 1/2-1/2